000 00396nam a2200157Ia 4500
003 LK-CoDNM
008 010623t1999 xxu||||| |||| 00| 1 eng d
040 _aLK-CoDNM
_dLK-CoDNM
_eLK-CoDNM
041 _aeng
080 _a294.3 DIS
100 _aDissanayake,Piyasena.
245 _aPolitical Thoughts of the Buddha
260 _bSadeepa
_aColombo
_c1999
300 _b129p., 22 cm
942 _cBK
999 _c119374
_d119374